Hacia una historia cultural de las diversiones públicas: estudios culturales sobre el juego, la risa y el sobrecogimiento /
Guardat en:
| Autor principal: | |
|---|---|
| Format: | Text |
| Matèries: | |
| Etiquetes: |
Afegir etiqueta
Sense etiquetes, Sigues el primer a etiquetar aquest registre!
|
MARC
| LEADER | 00000 a a2200000 04500 | ||
|---|---|---|---|
| 001 | 7763 | ||
| 003 | |||
| 040 | |||
| 100 | |a Sánchez Menchero, Mauricio | ||
| 245 | |a Hacia una historia cultural de las diversiones públicas: |b estudios culturales sobre el juego, la risa y el sobrecogimiento / |c Mauricio Sánchez Menchero | ||
| 650 | |a INVESTIGACION | ||
| 650 | |a CULTURA | ||
| 650 | |a HISTORIA | ||
| 650 | |a METODOLOGIA | ||
| 650 | |a TEORIA | ||
| 650 | |a CULTURA POPULAR | ||
| 650 | |a RECREACION | ||
| 650 | |a ESPAÑA | ||
| 773 | |g volumen 13, número 26; páginas 25-45 | ||
| 999 | |c 23963 |d 23963 | ||
